A tango abierto

Na minha lista:
Detalhes bibliográficos
Autor principal: Río, Ana María del (Autor)
Formato: Livro
Idioma:espanhol
Publicado em: Santiago Alfaguara 1997
Edição:3a. ed
Assuntos:
Tags: Adicionar Tag
Sem tags, seja o primeiro a adicionar uma tag!

MARC

LEADER 00000nam a2200000 a 4500
001 UCH4203
003 CL-VaPUC
008 090818e19970000CL |||||||||||||||||spa|d
020 |a 9562390195 
082 0 4 |a Ch863  |b RIO  |2 21 
100 0 |a Río, Ana María del  |e author  |9 539691 
245 1 0 |a A tango abierto 
250 |a 3a. ed 
300 |a 335 p 
942 |c BK 
945 |d 20090818 00:00:00  |a ccalabra 
260 |a Santiago  |b Alfaguara  |c 1997 
650 0 |a Literatura contemporánea   |9 321959 
650 0 |a Literatura chilena   |9 308278 
650 0 |a Novelas chilenas   |9 265425 
650 0 |a Escritores chilenos   |9 420370 
650 0 |a Ficción   |9 376687 
651 7 |a CHILE  |2 CL-VaPUC  |9 539692 
583 |a last modification  |c 20090818 00:00:00  |k Rodrigo Vera 
999 |c 335539  |d 335537